000
00281nam a2200109Ia 4500
008
220204s9999 xx 000 0 und d
082
_a
930
_b
MIL.3
245
0
_a
Milestones of history. 03. Dawn of a new era
260
_b
George Weidenfeld
_c
1974
505
_a
set price
942
_c
BK
999
_c
35999
_d
35999